| 000 | 00000nam##2200000za#4500 |
| 001 | 9.612515 |
| 003 | CaOODSP |
| 005 | 20200706133849 |
| 007 | ta |
| 008 | 150406|1995||||xxc||||| f|0| 0 eng|d |
| 020 | |a0-662-21730-6 |
| 022 | |a1200-5223 |
| 040 | |aCaOODSP|beng |
| 043 | |an-cn--- |
| 086 | 1 |aCS11-0019/79E |
| 245 | 00|aHuman capital and the use of time / |cby Frank Jones. |
| 260 | |aOttawa - Ontario : |bStatistics Canada. |c1995. |
| 300 | |a32p. : |bgraphs, references, tables ; |c28 cm. |
| 490 | 1 |aResearch paper series|x1200-5223|vNo. 79 |
| 500 | |a"The key hypothesis of this paper is that time use data bases make possible a broader view of the benefits and costs of human capital than is otherwise possible."--Abstract. |
| 520 | 3 |aThe key hypothesis of this paper is that time use data bases make possible a broader view of the benefits and costs of human capital than is otherwise possible.--Abstract |
| 563 | |aSoftcover |
| 590 | |a95-34|b1995-08-25 |
| 690 | 07|aEconomy|2gcpds |
| 710 | 2 |aStatistics Canada. |bAnalytical Studies Branch. |
| 720 | 1 |aJones, Frank |
| 775 | 08|tCapital humain et emploi du temps / |w(CaOODSP)9.623485 |
| 776 | 0#|tHuman capital and the use of time / |w(CaOODSP)9.574567 |
| 830 | #0|aResearch paper series,|x1200-5223|vNo. 79|w(CaOODSP)9.514463 |